Tres comedias optimistas / (Record no. 135987)

MARC details
000 -LEADER
campo de control de longitud fija 00706nam a2200217 4500
001 - NÚMERO DE CONTROL
campo de control 135987
003 - IDENTIFICADOR DE NÚMERO DE CONTROL
campo de control ES-MaACL
005 - FECHA Y HORA DE LA ÚLTIMA TRANSACCIÓN
campo de control 20231230063001.0
007 - CAMPO FIJO DE DESCRIPCIÓN FÍSICA--INFORMACIÓN GENERAL
campo de control de longitud fija t|
008 - DATOS DE LONGITUD FIJA--INFORMACIÓN GENERAL
campo de control de longitud fija 070214s1947 sp r ||||1| spa d
100 1# - ENTRADA PRINCIPAL--NOMBRE DE PERSONA
Nombre de persona Ruiz Iriarte, Víctor,
Fechas asociadas al nombre 1912-1982
9 (RLIN) 100836
245 10 - MENCIÓN DEL TÍTULO
Título Tres comedias optimistas /
Mención de responsabilidad, etc. Víctor Ruiz Iriarte.
260 ## - PUBLICACIÓN, DISTRIBUCIÓN, ETC.
Lugar de publicación, distribución, etc. Madrid :
Nombre del editor, distribuidor, etc. [s. n.],
Fecha de publicación, distribución, etc. 1947 (
Fabricante Artegrafía)
300 ## - DESCRIPCIÓN FÍSICA
Extensión 155 p. ;
Dimensiones 24 cm.
500 ## - NOTA GENERAL
Nota general Contiene: Un día en la gloria ; El puente de los suicidas ; Academia de amor.
740 0# - ENTRADA AGREGADA--TÍTULO RELACIONADO/ANALÍTICO NO CONTROLADO
Título relacionado o analítico no controlado Un día en la gloria.
740 0# - ENTRADA AGREGADA--TÍTULO RELACIONADO/ANALÍTICO NO CONTROLADO
Título relacionado o analítico no controlado El puente de los suicidas.
740 0# - ENTRADA AGREGADA--TÍTULO RELACIONADO/ANALÍTICO NO CONTROLADO
Título relacionado o analítico no controlado Academia de amor.
852 ## - LOCALIZACIÓN
Ubicación ES-MaACL
Número de control de estantería C-4183
Sublocalización o colección R.23823
Holdings
Estatus retirado Estado de pérdida Estado de daño No para préstamo Biblioteca de origen Biblioteca actual Ubicación en estantería Fecha de adquisición Fuente de adquisición Total de préstamos Signatura topográfica completa Código de barras Visto por última vez Precio de reemplazo Tipo de ítem Koha
        Biblioteca del Ateneo de Madrid Biblioteca del Ateneo de Madrid Sala Palomar 17/01/2008     C-4183 1141530 23/02/2023 23/02/2023 Libro impreso